[Event "September 1800+"]
[Site "SchemingMind.com"]
[Date "2015.09.20"]
[Round "-"]
[White "William Lindberg"]
[Black "fanfan_la_Tulipe"]
[Result "0-1"]
[WhiteCountry "USA"]
[BlackCountry "AUT"]
[WhiteElo "2281"]
[WhiteRD "67"]
[BlackElo "2192"]
[BlackRD "72"]
[GameID "387749"]

1. c4 e5 2. Nc3 Nf6 3. Nf3 Nc6 4. e3 Bb4 5. Qc2 O-O 6. Bd3 Bxc3 7. bxc3 Re8 8. Ng5 h6 9. Nh7 d6 10. Nxf6+ Qxf6
11. Bh7+ Kh8 12. Be4 Qg5 13. O-O f5 14. Bd5 Ne7 15. f4 Qg6 16. Rb1 c6 17. Bf3 e4 18. Be2 b6 19. Qd1 Rd8 20. Bb2 Qf7
21. Qa4 Be6 22. Bc1 c5 23. Qd1 Bxc4 24. Bxc4 Qxc4 25. Qb3 Qxb3 26. axb3 Nc6 27. Kf2 d5 28. Rg1 d4 29. exd4 cxd4 30. Bb2 h5
31. h3 dxc3 32. Bxc3 Rd3 33. g4 fxg4 34. hxg4 h4 35. Rh1 h3 36. Rbe1 Rf3+ 37. Kg1 Re8 38. Re3 Rxe3 39. dxe3 Rd8 40. Rxh3+ Kg8
41. Bd4 Nxd4 42. exd4 Rxd4 43. Kf2 Rd2+ 44. Ke1 Rg2 45. Re3 Rxg4 46. Rxe4 Kf7 47. Ra4 a5 48. Kf2 b5 49. Rxa5 Rxf4+ 50. Ke3 Rb4
51. Kd3 Rxb3+ 52. Kc2 Rb4 53. Kc3 Rc4+ 54. Kd3 Rc5 55. Kd4 Rf5 56. Ke4 g6 57. Ra6 Kg7 58. Rb6 Kh6 59. Kd4 Kh5 60. Ke4 Kg5
61. Ke3 Kh5 62. Ke4 Rg5 63. Ke3 Rg3+ 64. Kd2 g5 65. Rxb5 Rf3 66. Ke2 Rf6 67. Rb1 Rf5 68. Rh1+ Kg4 69. Ke3 Kg3 70. Rh5 Rf3+
71. Kd4 g4 72. Ra5 Kg2 73. Ra2+ Rf2 74. Ra5 g3 75. Ke3 Kg1 76. Ra1+ Kh2 77. Ra4 Rf5 78. Rh4+ Kg1 79. Rh7 g2 80. Ke2 Re5+
81. Kf3 Kf1 82. Rg7 g1=Q 83. Rxg1+ Kxg1 84. Kf4 Re2 85. Kf5 Kg2 86. Kf4 Kf2 87. Kg4 Re4+ 88. Kg5 Kg3 89. Kf5 Kf3 90. Kg6 Re5
91. Kf7 Kg4 92. Kf6 Kf4 93. Kg6 Rf5 94. Kh6 Rg5 95. Kh7 Kf5 96. Kh6 Kf6
0-1

[Event "September 1800+"]
[Site "SchemingMind.com"]
[Date "2015.09.21"]
[Round "-"]
[White "GBEDARD"]
[Black "Ramesh Panwar"]
[Result "0-1"]
[WhiteCountry "USA"]
[BlackCountry "IND"]
[WhiteElo "2100"]
[WhiteRD "68"]
[BlackElo "2415"]
[BlackRD "59"]
[GameID "387771"]

1. e4 c5 2. Nf3 Nc6 3. d4 cxd4 4. Nxd4 e5 5. Nb5 d6 6. N1c3 a6 7. Na3 Nf6 8. Bg5 Be7 9. Nc4 O-O 10. Bxf6 Bxf6
11. Qxd6 Be6 12. Nd5 Bxd5 13. exd5 Ne7 14. Rd1 Rc8 15. Qxd8 Rfxd8 16. Ne3 Bg5 17. c4 Bxe3 18. fxe3 Nf5 19. e4 Nd6 20. Bd3 Nxc4
21. Ke2 Nxb2 22. Rb1 Nxd3 23. Kxd3 b5 24. a4 bxa4 25. Rb4 f5 26. Rxa4 Rc5 27. exf5 Rdxd5+ 28. Ke4 Rd2 29. g4 h6 30. h4 Rg2
31. Kf3 Rb2 32. Ke4 a5 33. Rd1 Rh2 34. h5 Rh4 35. Rd8+ Kh7 36. Kd3 Rh3+ 37. Kd2 Rb5 38. Rd3 Rb2+ 39. Kc3 Rb3+ 40. Kxb3 Rxd3+
41. Kc2 Rd5 42. Kc3 Kg8 43. Re4 Rc5+ 44. Kd3 Kf7 45. Ke3 Kf6 46. Ke2 Rc2+ 47. Kd3 Rc1 48. Ke2 Ra1 49. Rc4 Kg5 50. Re4 a4
51. Kd3 a3 52. Kc2 Rg1 53. Kb3 Rxg4 54. Rxe5 Rg3+ 55. Kb4 Kxh5 56. f6+ g5 57. Rf5 a2 58. Ra5 Rf3 59. Rxa2 Rxf6
0-1

[Event "September 1800+"]
[Site "SchemingMind.com"]
[Date "2015.09.21"]
[Round "-"]
[White "Ramesh Panwar"]
[Black "GBEDARD"]
[Result "1-0"]
[WhiteCountry "IND"]
[BlackCountry "USA"]
[WhiteElo "2415"]
[WhiteRD "59"]
[BlackElo "2100"]
[BlackRD "68"]
[GameID "387772"]

1. d4 Nf6 2. c4 e6 3. Nc3 c5 4. d5 exd5 5. cxd5 d6 6. e4 g6 7. h3 Bg7 8. Nf3 O-O 9. Bd3 b5 10. Nxb5 Re8
11. Nd2 Nxd5 12. Nc4 Re6 13. Nbxd6 Nc6 14. O-O Ndb4 15. Bb1 Ne5 16. Nxc8 Rxc8 17. Nxe5 Rxe5 18. a3 Nc6 19. f4 Re8 20. e5 Qb6
21. Be4 Nd4 22. Bd5 Red8 23. Bc4 a5 24. Rb1 Rb8 25. Qe1 Qc6 26. Bd2 a4 27. Bc3 Rd7 28. Qf2 Rbd8 29. Rfe1 h6 30. Rbc1 Qc7
31. Red1 g5 32. Re1 gxf4 33. Qxf4 Nb3 34. Rc2 Re7 35. Rf2 Nd4 36. Qg4 Rf8 37. Rf6 Kh8 38. Qf4 Kg8 39. Re3 Ree8 40. Rg3 Ne6
41. Qxh6 Qd8 42. Bxe6 Qd1+ 43. Kh2
1-0

[Event "September 1800+"]
[Site "SchemingMind.com"]
[Date "2015.09.22"]
[Round "-"]
[White "John Hamer"]
[Black "Ramesh Panwar"]
[Result "0-1"]
[WhiteCountry "ENG"]
[BlackCountry "IND"]
[WhiteElo "2029"]
[WhiteRD "60"]
[BlackElo "2402"]
[BlackRD "60"]
[GameID "387773"]

1. d4 Nf6 2. c4 e6 3. Nf3 b6 4. Nc3 Bb4 5. e3 O-O 6. Bd3 Bb7 7. O-O d6 8. Na4 c5 9. a3 Ba5 10. Rb1 Na6
11. b3 Qe8 12. Bb2 Ne4 13. Rc1 f5 14. Nc3 Bxc3 15. Bxc3 Nxc3 16. Rxc3 Rd8 17. Re1 Qg6 18. e4 fxe4 19. Bc2 d5 20. cxd5 exd5
21. Ne5 Qf6 22. f3 Rde8 23. Rf1 cxd4 24. Ng4 Qg5 25. Qxd4 Nc5 26. Bd1 h5 27. Nf2 Ne6 28. Qb4 Nf4
0-1

[Event "September 1800+"]
[Site "SchemingMind.com"]
[Date "2015.09.22"]
[Round "-"]
[White "Ramesh Panwar"]
[Black "John Hamer"]
[Result "1-0"]
[WhiteCountry "IND"]
[BlackCountry "ENG"]
[WhiteElo "2402"]
[WhiteRD "60"]
[BlackElo "2029"]
[BlackRD "60"]
[GameID "387774"]

1. d4 d5 2. c4 c6 3. Nf3 Nf6 4. Nc3 e6 5. e3 Nbd7 6. Be2 Bd6 7. O-O O-O 8. c5 Bc7 9. b4 e5 10. Bb2 e4
11. Nd2 Bb8 12. b5 Re8 13. Qa4 Qc7 14. g3 cxb5 15. Bxb5 a6 16. Rac1 Ba7 17. Be2 b6 18. Qb3 bxc5 19. Nxd5 Nxd5 20. Qxd5 Bb7
21. Qb3 Rac8 22. Rfd1 Red8 23. d5 Nb6 24. d6 Qd7 25. Nc4 Nxc4 26. Bxc4 Rb8 27. Qc3 Qg4 28. d7
1-0

[Event "September 1800+"]
[Site "SchemingMind.com"]
[Date "2015.09.21"]
[Round "-"]
[White "fanfan_la_Tulipe"]
[Black "Ramesh Panwar"]
[Result "0-1"]
[WhiteCountry "AUT"]
[BlackCountry "IND"]
[WhiteElo "2105"]
[WhiteRD "73"]
[BlackElo "2409"]
[BlackRD "63"]
[GameID "387775"]

1. Nf3 Nf6 2. b3 d5 3. g3 Bf5 4. Bb2 Nc6 5. Bg2 h6 6. O-O e6 7. d3 Bc5 8. Nbd2 O-O 9. e3 Re8 10. d4 Be7
11. a3 Nb8 12. c4 Nbd7 13. Re1 c6 14. Qe2 Bg6 15. Ne5 Nxe5 16. dxe5 Nd7 17. cxd5 exd5 18. e4 Nc5 19. Rad1 Qc8 20. b4 Nxe4
21. Nxe4 dxe4 22. Bxe4 Bxe4 23. Qxe4 Qe6 24. f4 a5 25. Bc3 axb4 26. axb4 g6 27. Ra1 h5 28. Red1 h4 29. Be1 Kg7 30. Bc3 Rh8
31. Qf3 hxg3 32. hxg3 Rxa1 33. Rxa1 Qc4 34. e6+ f6 35. Re1 Bxb4 36. Bxb4 Qxb4 37. Rd1 Qb6+ 38. Kf1 Qb5+ 39. Kg1 Qc5+ 40. Kf1 Rh2
41. Re1 Kf8 42. g4 Ke7 43. Re3 f5 44. gxf5 gxf5 45. Re5 Qb4 46. Kg1 Rh4
0-1

[Event "September 1800+"]
[Site "SchemingMind.com"]
[Date "2015.09.21"]
[Round "-"]
[White "Ramesh Panwar"]
[Black "fanfan_la_Tulipe"]
[Result "1-0"]
[WhiteCountry "IND"]
[BlackCountry "AUT"]
[WhiteElo "2409"]
[WhiteRD "63"]
[BlackElo "2105"]
[BlackRD "73"]
[GameID "387776"]

1. d4 Nf6 2. c4 g6 3. Nc3 d5 4. cxd5 Nxd5 5. e4 Nxc3 6. bxc3 Bg7 7. Bc4 c5 8. Ne2 O-O 9. O-O Nc6 10. Be3 Bg4
11. f3 cxd4 12. cxd4 Na5 13. Bd3 Be6 14. Rc1 Bxa2 15. Qa4 Bb3 16. Qb4 b6 17. Rc3 Be6 18. Rfc1 Rc8 19. Rxc8 Bxc8 20. Bg5 Re8
21. d5 Nb7 22. Be3 Bd7 23. Ba6 Nc5 24. Bxc5 bxc5 25. Qxc5 Qb6 26. Qxb6 axb6 27. Rc7 Ba4 28. Rb7 Bd1 29. Kf2 Bxe2 30. Kxe2 Bd4
31. Bb5 Ra8 32. Rxe7 Bc5 33. Rb7 Ra3 34. Bc4 Rc3 35. Bd3 Ra3 36. e5 Ra2+ 37. Ke1 Rxg2 38. d6 Rxh2 39. d7 Rh1+ 40. Kd2 Rh2+
41. Be2 Be7 42. Rxb6 h5 43. Rb8+ Kg7 44. d8=Q Bxd8 45. Rxd8 Rh4 46. Ke3 g5 47. Bd3 Rb4 48. Rd7 Kf8 49. Rc7 Rh4 50. Be4 Rf4
51. Rc8+ Kg7 52. Rc5 Rh4 53. Rc7 Kf8 54. Rc6 g4 55. Rc8+ Kg7 56. Rc7
1-0

[Event "September 1800+"]
[Site "SchemingMind.com"]
[Date "2015.09.21"]
[Round "-"]
[White "Stephen Woodhouse"]
[Black "Ramesh Panwar"]
[Result "0-1"]
[WhiteCountry "ENG"]
[BlackCountry "IND"]
[WhiteElo "1881"]
[WhiteRD "49"]
[BlackElo "2402"]
[BlackRD "60"]
[GameID "387777"]

1. e4 c5 2. c3 e6 3. d4 d5 4. exd5 exd5 5. Nf3 Nf6 6. Bg5 Qb6 7. Qc2 h6 8. Bh4 cxd4 9. Nxd4 Bc5 10. Bb5+ Bd7
11. Qe2+ Kf8 12. Bxf6 Qxf6 13. O-O Nc6 14. Nxc6 bxc6 15. Ba4 Re8 16. Qd2 h5 17. Na3 Rh6 18. Rae1 Rxe1 19. Rxe1 Rg6 20. Bc2 Rg5
21. b4 Qf3
0-1

[Event "September 1800+"]
[Site "SchemingMind.com"]
[Date "2015.09.21"]
[Round "-"]
[White "Ramesh Panwar"]
[Black "Stephen Woodhouse"]
[Result "1-0"]
[WhiteCountry "IND"]
[BlackCountry "ENG"]
[WhiteElo "2402"]
[WhiteRD "60"]
[BlackElo "1881"]
[BlackRD "49"]
[GameID "387778"]

1. d4 e6 2. Nf3 d5 3. Bf4 Bd6 4. e3 Nf6 5. Bxd6 Qxd6 6. c4 Qb4+ 7. Qd2 Qxd2+ 8. Nbxd2 b6 9. cxd5 Nxd5 10. Rc1 Ba6
11. e4 Nf4 12. Rxc7 Bxf1 13. Rc8+
1-0

[Event "September 1800+"]
[Site "SchemingMind.com"]
[Date "2015.09.21"]
[Round "-"]
[White "frankly"]
[Black "Ramesh Panwar"]
[Result "1-0"]
[WhiteCountry "ENG"]
[BlackCountry "IND"]
[WhiteElo "2453"]
[WhiteRD "56"]
[BlackElo "2402"]
[BlackRD "59"]
[GameID "387779"]

1. d4 d5 2. Nf3 Nf6 3. c4 e6 4. Nc3 Bb4 5. Bg5 Nbd7 6. cxd5 exd5 7. Qc2 O-O 8. e3 h6 9. Bh4 c5 10. Be2 b6
11. O-O Bb7 12. h3 Qe7 13. a3 Ba5 14. dxc5 bxc5 15. Rfd1 Bxc3 16. bxc3 Nb6 17. a4 Qe6 18. Nd2 d4 19. cxd4 cxd4 20. Nf1 dxe3
21. Nxe3 Nfd5 22. Ra3 Nxe3= 23. Rxe3 Qc6 24. Qxc6 Bxc6 25. a5 Nd5 26. Ra3 Nf4 27. Bf1 g5 28. Bg3 Rad8 29. Raa1 Rfe8 30. Rxd8 Rxd8
31. f3 Kg7 32. Bf2 Rd7 33. Rc1 Ba4 34. Rc4 Bb3 35. Rd4 Rc7 36. Rd6 Ne6 37. Be3 f5= 38. Kh2 f4 39. Bf2 Kf6 40. Ra6 Rc1
41. Bb5 Ke5 42. Bxa7 Bd5 43. Bb8+ Kd4 44. Bd7 Nc5 45. Ba7 Ke5 46. Bxc5 Bc4 47. Rxh6
1-0

[Event "September 1800+"]
[Site "SchemingMind.com"]
[Date "2015.09.21"]
[Round "-"]
[White "Ramesh Panwar"]
[Black "frankly"]
[Result "1/2-1/2"]
[WhiteCountry "IND"]
[BlackCountry "ENG"]
[WhiteElo "2415"]
[WhiteRD "59"]
[BlackElo "2454"]
[BlackRD "56"]
[GameID "387780"]

1. e4 c5 2. Nf3 Nc6 3. Bb5 g6 4. Nc3 Bg7 5. O-O e5 6. d3 Nge7 7. Bc4 O-O 8. Nd5 Nxd5 9. Bxd5 d6 10. c3 Ne7
11. Bc4 Bd7 12. a4 Bc6 13. Bb5 d5 14. Bxc6 Nxc6 15. Bg5 f6 16. Be3 Qd6 17. Qb3 Rad8 18. Qb5 d4 19. cxd4 exd4 20. Bd2 Rf7
21. Nh4 Bf8 22. f4=
1/2-1/2

[Event "September 1800+"]
[Site "SchemingMind.com"]
[Date "2015.09.21"]
[Round "-"]
[White "William Lindberg"]
[Black "Ramesh Panwar"]
[Result "1/2-1/2"]
[WhiteCountry "USA"]
[BlackCountry "IND"]
[WhiteElo "2279"]
[WhiteRD "65"]
[BlackElo "2415"]
[BlackRD "59"]
[GameID "387781"]

1. e4 c5 2. Nf3 Nc6 3. Nc3 e5 4. Bc4 Be7 5. d3 Nf6 6. O-O O-O 7. Bg5 a6 8. Bxf6 Bxf6 9. a4 d6 10. Nd5 Be6
11. c3 Rc8 12. Ne3 Bd7 13. Bd5 Qc7 14. Nd2 Bg5 15. Ndc4 b5 16. axb5 axb5 17. Qh5 h6 18. h4 Bf4 19. Na3 Ne7 20. Nac2 Rb8
21. b3 Bxe3 22. Nxe3 Nxd5 23. Nxd5 Qb7 24. f4 exf4 25. Ne7+ Kh7 26. Rxf4 Be6 27. Nf5 Bxf5 28. Qxf5+ Kg8 29. e5 dxe5 30. Qxe5 Rbc8
31. Rg4 f6 32. Qf5 Kh8 33. Re4 b4 34. c4 Rfd8 35. Rd1 Qa7 36. Rde1 Qd7=
1/2-1/2

[Event "September 1800+"]
[Site "SchemingMind.com"]
[Date "2015.09.21"]
[Round "-"]
[White "Ramesh Panwar"]
[Black "William Lindberg"]
[Result "1-0"]
[WhiteCountry "IND"]
[BlackCountry "USA"]
[WhiteElo "2415"]
[WhiteRD "59"]
[BlackElo "2279"]
[BlackRD "65"]
[GameID "387782"]

1. d4 Nf6 2. c4 e6 3. Nc3 d5 4. Bg5 Be7 5. Nf3 O-O 6. e3 h6 7. Bh4 Nbd7 8. cxd5 Nxd5 9. Bxe7 Qxe7 10. Nxd5 exd5
11. Bd3 c5 12. dxc5 Nxc5 13. O-O Bg4 14. Be2 Rfd8 15. Nd4 Bxe2 16. Qxe2 Ne6 17. Rad1 Rac8 18. Rd2 a6 19. Rfd1 Qg5 20. Qd3 Qe5
21. Ne2 b5 22. h3 Qg5 23. Qa3 Rc6 24. b3 Qe5 25. Qb2 Qh5 26. Ng3 Qg5 27. Kh2 Rc5 28. Qa3 Qe5 29. Qxa6 d4 30. exd4 Nxd4
31. Kh1 Rcd5 32. Qa5 Qe6 33. Qc7 R8d6 34. Qc3 Nf5 35. Rxd5 Rxd5 36. Rxd5 Nxg3+ 37. fxg3 Qxd5 38. Kh2 Qe4 39. Qc8+ Kh7 40. Qd7 b4
41. Qxf7 Qe5 42. Qf8 Qa5 43. h4 h5 44. Qd6 Kh8 45. Qd2 Qb5 46. Qg5 Qe2 47. Qc5 Qg4 48. a3 bxa3 49. Qxa3 Qc8 50. Qe7 Kg8
51. b4 Qb8 52. Qc5 Kf7 53. Qxh5+ Ke7 54. Qg5+ Ke6 55. Qg6+ Kd5 56. Qxg7 Qe8 57. Qg5+ Kc6 58. h5 Qh8 59. b5+ Kc7 60. h6
1-0